Statistics for Top US Websites Quiz

Click here to take the quiz!

General Stats

  • This quiz has been taken 54,553 times
    (7,945 since last reset)
  • The average score is 18 of 45

Answer Stats

# Description Website % Correct
1Searchgoogle.com
100%
3Social Mediafacebook.com
99%
2Videosyoutube.com
98%
6Encyclopediawikipedia.org
95%
5Shoppingamazon.com
94%
12Social Mediainstagram.com
88%
8Social Mediatwitter.com
85%
9Streamingnetflix.com
71%
4Forumsreddit.com
67%
7Portalyahoo.com
65%
10Shoppingebay.com
65%
26Newscnn.com
60%
23Searchbing.com
58%
19Sportsespn.com
55%
28Paymentspaypal.com
42%
15Classifiedscraigslist.org
39%
14Jobslinkedin.com
38%
30Weatherweather.com
38%
38Streaminghulu.com
35%
36Bankingbankofamerica.com
35%
13Video Gamestwitch.tv
34%
24Moviesimdb.com
32%
30Computingapple.com
31%
21Social Mediatumblr.com
31%
22Productivitymicrosoftonline.com
29%
31Computingmicrosoft.com
29%
41Portalmsn.com
29%
29Newsnytimes.com
28%
37Shoppingwalmart.com
26%
35Bankingwellsfargo.com
25%
45File Storagedropbox.com
25%
27Social Mediapinterest.com
25%
11Image Hostingimgur.com
24%
25Bankingchase.com
23%
44Real Estatezillow.com
18%
42Newswashingtonpost.com
15%
40Bloggingblogspot.com
11%
32Yellow Pagesyelp.com
10%
17Wiki Hostingwikia.com
9%
20Productivityoffice.com
5%
34Codinggithub.com
5%
18Portallive.com
5%
33Cryptocurrencycoinmarketcap.com
2%
43Productivitysalesforce.com
2%
16Aggregatordiply.com
1%

Score Distribution

Percentile by Number Answered

Percent of People with Each Score

Your Score History

You have not taken this quiz since the last reset